| 000 | 00375cam a2200157ua 4500 | ||
|---|---|---|---|
| 003 | OSt | ||
| 008 | 221103b |||||||| |||| 00| 0 eng d | ||
| 041 | _aeng | ||
| 082 |
_a320.58 _bGAN/WO |
||
| 100 |
_aGandhi, M K. _94546 |
||
| 245 | _aWomen / | ||
| 260 |
_aAhmadabad : _bNavajivan publishing house , _c1958. |
||
| 300 | _a111 ; . | ||
| 650 |
_aGandhiana _95290 |
||
| 942 | _cBK | ||
| 999 |
_c1073 _d1073 |
||